[Event "SN-2013-0-00484"]
[Site "LSS email"]
[Date "2013.01.20"]
[Round "?"]
[White "Anders, Marko"]
[Black "Vaculik, Jakub"]
[Result "0-1"]
[WhiteElo "800"]
[BlackElo "848"]
[PlyCount "53"]
[EventDate "2013.01.05"]
[EventType "tourn (corr)"]
[EventRounds "6"]
[EventCountry "GER"]
[SourceTitle "Telechess CBM 163"]
[Source "ChessBase"]
[SourceDate "2014.11.11"]
[SourceVersion "2"]
[SourceVersionDate "2014.11.11"]
[SourceQuality "1"]

1. c4 e5 2. Nc3 Nf6 3. e4 Bc5 4. Be2 0-0 5. Nf3 d6 6. 0-0 Be6 7. Nd5 c6 8. Nxf6+ Qxf6 9. d3 h6 10. Bd2 Nd7 11. Bc3 Qe7 12. h3 Nf6 13. b4 Bb6 14. a4 Nh5 15. Kh2 Nf4 16. a5 Nxe2 17. Qxe2 Bc7 18. Nd2 Qd7 19. a6 bxa6 20. Rxa6 d5 21. cxd5 cxd5 22. Rfa1 Bb6 23. exd5 Qxd5 24. Nc4 Qc6 25. Nxb6 axb6 26. Rxa8 Rxa8 27. Rxa8+ 0-1

[Event "OP-2013-0-02596"]
[Site "LSS email"]
[Date "2013.01.19"]
[Round "?"]
[White "Anders, Marko"]
[Black "Lauer, Fredric"]
[Result "0-1"]
[WhiteElo "800"]
[BlackElo "989"]
[PlyCount "49"]
[EventDate "2013.01.16"]
[EventType "tourn (corr)"]
[EventRounds "4"]
[EventCountry "GER"]
[SourceTitle "Telechess CBM 159"]
[Source "ChessBase"]
[SourceDate "2014.03.17"]
[SourceVersion "1"]
[SourceVersionDate "2014.03.17"]
[SourceQuality "1"]
[BlackTeam "IWEC (Canada)"]

1. e4 e6 2. d4 c5 3. c3 cxd4 4. Qxd4 Nc6 5. Qa4 Qb6 6. b4 Nf6 7. Be3 Qc7 8. Be2 Be7 9. Nd2 0-0 10. h3 d5 11. exd5 Nxd5 12. b5 Ne5 13. Bd4 Ng6 14. c4 Ndf4 15. b6 Qd7 16. Qxd7 Bxd7 17. Bf3 axb6 18. Bxb7 Rab8 19. Be4 e5 20. Bxg6 hxg6 21. Bc3 Nxg2+ 22. Kf1 Bc6 23. Ngf3 Nh4 24. Ke2 Nxf3 25. Nxf3 0-1

[Event "OP-2013-0-02596"]
[Site "LSS email"]
[Date "2013.01.18"]
[Round "?"]
[White "Anders, Marko"]
[Black "Vontina, Maria"]
[Result "1-0"]
[WhiteElo "800"]
[BlackElo "772"]
[PlyCount "75"]
[EventDate "2013.01.16"]
[EventType "tourn (corr)"]
[EventRounds "4"]
[EventCountry "GER"]
[SourceTitle "Telechess CBM 159"]
[Source "ChessBase"]
[SourceDate "2014.03.17"]
[SourceVersion "1"]
[SourceVersionDate "2014.03.17"]
[SourceQuality "1"]

1. e4 e6 2. d4 d5 3. Nc3 Bb4 4. e5 c5 5. a3 Bxc3+ 6. bxc3 Nc6 7. Nf3 Nge7 8. Bb5 Qa5 9. Bxc6+ Nxc6 10. Bd2 c4 11. 0-0 0-0 12. Qc1 Ne7 13. Qb2 Ng6 14. Qb4 Qc7 15. Rfb1 b6 16. a4 Bd7 17. a5 b5 18. Qa3 a6 19. Qc1 Ne7 20. Bh6 f6 21. exf6 Rxf6 22. Bg5 Rf7 23. Bxe7 Rxe7 24. Qg5 Ree8 25. Ne5 Rf8 26. Re1 Rf5 27. Qh4 Raf8 28. Rf1 Qd8 29. Qxd8 Rxd8 30. Rae1 Bc8 31. Nc6 Re8 32. f4 Bd7 33. Ne5 Bc8 34. Re3 Ref8 35. Nc6 Rxf4 36. Rxf4 Rxf4 37. Ne7+ Kf8 38. Nxc8 1-0